music trivia: more guitar trivia - Statistics

General Stats
  • This quiz has been taken 132 times
    106 since last reset
  • The average score is 11 of 15
Answer Stats
Hint Answer % Correct
How many strings does a standard Fender or Gibson guitar have? 6
99%
How many guitar players were in the Beatles? 3
97%
A plectrum is used frequently to play a guitar. What is a more common name for a plectrum? a pick
93%
How many strings are on a classic, standard bass guitar? 4
89%
Why did Jimi Hendrix play his guitar upside down? he was left-handed
89%
What type of guitar doesn't require an amp or pick-ups? an acoustic
88%
Classic rock bands often have at least 2 guitarists; a lead guitar player and what other type? a rhythm guitarist
82%
Jim Morrison, John Densmore, Ray Manzarek or Robby Krieger; Which one of these was The Doors' guitarist? Robby Krieger
80%
Who played guitar in the bands; The Yardbirds, John Mayall and the Bluesbreakers, Cream, Blind Faith, Derek and the Dominoes, and also had a significant solo career? Eric Clapton
71%
Freddie King, Chris Thomas King and Albert King all play/played guitar in which genre of music? The Blues
65%
What famous guitarist is most closely associated with the Les Paul guitar? Les Paul
63%
Which guitarist has played in the Rolling Stones the longest? Keith Richards
62%
A luthier does what to a guitar? builds it
46%
Cliff Edwards, Israel Kamakawiwo'ole, Jake Shimabukuro, Tiny Tim & George Formby all gained fame as players of a specific kind of guitar-like instrument. What is that instrument called? ukulele
40%
The guitar player in the Monkees went by what name? Michael Nesmith
16%
No matching quizzes found
Score Distribution
Percent of People with Each Score
Percentile by Number Answered
Your Score History
You have not taken this quiz since the last reset